| 000 | 00499nam a22001577a 4500 | ||
|---|---|---|---|
| 003 | NUST | ||
| 038 | _aNusrat Nadeem | ||
| 082 | _a200 | ||
| 100 |
_aTanveer, Dua _9130856 |
||
| 245 |
_aA Secure Key Exchange and Authentication Scheme for Drone Swarms/ _cDua Tanveer, |
||
| 264 |
_aIslamabad: _bSEECS NUST. _c2025. |
||
| 650 |
_aMS- Information Security _927215 |
||
| 700 |
_aSupervisor: Dr. Hasan Tahir _996713 |
||
| 856 | _uhttp://10.250.8.41:8080/xmlui/handle/123456789/55494 | ||
| 942 |
_2ddc _cSC |
||
| 999 |
_c615017 _d615017 |
||